00569nam a2200193Ia 450000500170000000800410001704000190005804100120007708200130008910000200010224500590012226000350018130000100021665000160022685000100024294200070025299900170025995200990027620240521101622.0131103s9999 xx 000 0 und d aLoreto College aEnglish a510bSEA aSealey, L. G.W. aMathematics around usb book ' u I ' cL. G. W. Sealey aOxfordbBasil Blackwellc[19?] a28p.  aMathematics aLCBED cBK c28227d78706 00102ddc4070aMAINbMAINd2013-11-04l0o510 SEA 3585pB31072r2013-11-04w2013-11-04yBKf